000 00970cam a2200265 4500
001 5550
005 20230404125949.0
008 060907s2002 bl por
020 _a857509064X
035 _9funglode5597
041 _apor
050 1 4 _a103 F 2538.3
_bP436d 2002
082 0 0 _a320/.98106
100 1 _aPereira, Alvaro,
_d1952-
245 1 0 _aDepois de FHC :
_bpersonagens do cenário político analisam o governo Fernando Henrique Cardoso e apontam alternativas para o Brasil /
_cÁlvaro Pereira ; com fotos de Orlando Brito.
260 _aSao Paulo :
_bGeraç̃ao,
_c2002
300 _a309 p. :
_bill. ;
_c24 cm.
651 0 _aBrazil
_xPolitics and government
_y1985-2002.
651 0 _aBrazil
_xEconomic conditions
_y1985-
651 0 _aBrazil
_xSocial conditions
_y1985-
651 4 _aBrasil
_xPolítica y gobierno
_y1985-2002.
651 4 _aBrasil
_xCondiciones económicas
_y1985-
651 4 _aBrasil
_xCondiciones sociales
_y1985-
942 _2lcc
_cbk
999 _c8201
_d8201